LAW OF PARTNERSHIP IN INDIA (Record no. 10326)

MARC details
000 -LEADER
fixed length control field 00295nam a22001337a 4500
003 - CONTROL NUMBER IDENTIFIER
control field SGT
082 ## - DEWEY DECIMAL CLASSIFICATION NUMBER
Classification number 340,SIN
100 ## - MAIN ENTRY--PERSONAL NAME
Personal name SINGH,S.D..
245 ## - TITLE STATEMENT
Title LAW OF PARTNERSHIP IN INDIA
260 ## - PUBLICATION, DISTRIBUTION, ETC. (IMPRINT)
Place of publication, distribution, etc ALLAHBAD
Name of publisher, distributor, etc ORIENT LAW HOUSE
Year of Publication 1980
300 ## - PAGE DESCRIPTION
No. of Pages 256
650 ## - SUBJECT ADDED ENTRY--TOPICAL TERM
Topical term or geographic name as entry element LAW OF PARTNERSHIP
942 ## - ADDED ENTRY ELEMENTS (KOHA)
Source of classification or shelving scheme Dewey Decimal Classification
Koha item type Books
Holdings
Withdrawn status Lost status Source of classification or shelving scheme Damaged status Not for loan Collection code Home library Current library Shelving location Date acquired Vendor Name Cost, normal purchase price SGTU Full call number Accession No. (Barcode) Date last seen Bill Date Koha item type
    Dewey Decimal Classification   Not For Loan LAW SGT Science & Social Sciences Library SGT Science & Social Sciences Library Reference Book 10/05/2017 DONATED 120.00 SGTU 340,SIN FL863 10/05/2017 10/05/2017 Books